| 000 | 00403 a2200133 4500 | ||
|---|---|---|---|
| 001 | ART_40051 | ||
| 005 | 20260410161842.0 | ||
| 008 | 260409a | ||
| 245 | 1 | 0 | _aLegitimación en el proceso contencioso administrativo |
| 100 | 1 | _aBarra, Rodolfo Carlos | |
| 700 | 1 | _aMaiorano, Jorge Luis | |
| 700 | 1 | _aMuñoz, Guillermo A. | |
| 773 | 0 |
_tRAP _g- Año 23, Nº 267 (dic. 2000) _wREV5941 |
|
| 999 |
_c24167 _d24167 |
||